Skryté vzťahy v štruktúre peňažných výdavkov domácností SR
Kvantifikácia štruktúry čistých peňažných príjmov domácností SR v rokoch 2006 až 2009 pomocou metódy hľadania skrytých vzťahov. Štatistika rodinných účtov.
Guardado en:
| Autor principal: | |
|---|---|
| Formato: | Capítulo de libro |
| Lenguaje: | eslovaco |
| Materias: | |
| Etiquetas: |
Sin Etiquetas, Sea el primero en etiquetar este registro!
|
MARC
| LEADER | 00000naa$a2200000$$$4500 | ||
|---|---|---|---|
| 001 | 0149300 | ||
| 005 | 20240502072703.0 | ||
| 041 | 0 | |a slo | |
| 044 | |a SK | ||
| 245 | 1 | 0 | |a Skryté vzťahy v štruktúre peňažných výdavkov domácností SR |c Mária Vojtková |
| 520 | |a Kvantifikácia štruktúry čistých peňažných príjmov domácností SR v rokoch 2006 až 2009 pomocou metódy hľadania skrytých vzťahov. Štatistika rodinných účtov. | ||
| 610 | 2 | 0 | |a metódy matematicko-štatistické |
| 610 | 2 | 0 | |a tabuľky štatistické |
| 610 | 2 | 0 | |a štatistika ekonomická |
| 610 | 2 | 0 | |a ukazovatele ekonomické |
| 610 | 2 | 0 | |a výdavky obyvateľstva |
| 100 | 1 | |a Vojtková, Mária, 1966- | |